| 000 | 00485nam a2200169Ia 4500 | ||
|---|---|---|---|
| 008 | 240729s9999 xx 000 0 und d | ||
| 022 | _a2536-9296 | ||
| 245 | 0 | _aScientific Journal of Flowers and Ornamental Plants | |
| 260 | _aEgypt | ||
| 260 | _bScientific Society for Flowers and Ornamental Plants | ||
| 650 | _a Botany | ||
| 650 | _a Plant ecology | ||
| 650 | _aScience | ||
| 856 | _uhttps://doaj.org/toc/39c17fd2355145b7a04d03df8f7b1225 | ||
| 942 | _2ddc | ||
| 942 | _cDOAJEJ | ||
| 999 |
_c69734 _d69734 |
||
| 945 |
_a1 _bMadushi Gamage _c1 _dMadushi Gamage |
||